El nabo gigante / (Record no. 17609)

MARC details
000 -LEADER
fixed length control field 02250cam a2200481Ii 4500
001 - CONTROL NUMBER
control field sjds884250
003 - CONTROL NUMBER IDENTIFIER
control field sjds
005 - DATE AND TIME OF LATEST TRANSACTION
control field 20240504190234.0
008 - FIXED-LENGTH DATA ELEMENTS--GENERAL INFORMATION
fixed length control field 010221s2000 nyua j 000 0 spa d
020 ## - INTERNATIONAL STANDARD BOOK NUMBER
International Standard Book Number 1841483966 (pbk.)
020 ## - INTERNATIONAL STANDARD BOOK NUMBER
International Standard Book Number 9781841483962 (pbk.)
035 ## - SYSTEM CONTROL NUMBER
System control number 721338
035 ## - SYSTEM CONTROL NUMBER
System control number (OCoLC)45999634
035 ## - SYSTEM CONTROL NUMBER
System control number 717756
035 ## - SYSTEM CONTROL NUMBER
System control number 721338
035 ## - SYSTEM CONTROL NUMBER
System control number 721338
040 ## - CATALOGING SOURCE
Original cataloging agency BKL
Language of cataloging eng
Description conventions rda
Transcribing agency BKL
Modifying agency FTL
-- TEF
-- BTCTA
-- BAKER
-- OCLCG
-- OCLCF
-- OCLCQ
-- OCLCO
041 1# - LANGUAGE CODE
Language code of text/sound track or separate title spa
Language code of original eng
-- rus
049 ## - LOCAL HOLDINGS (OCLC)
Holding library IFAA
099 ## - LOCAL FREE-TEXT CALL NUMBER (OCLC)
Classification number 398.2
Filing suffix 2000
100 1# - MAIN ENTRY--PERSONAL NAME
Personal name Tolstoy, Aleksey Nikolayevich,
Titles and words associated with a name graf,
Dates associated with a name 1883-1945.
240 10 - UNIFORM TITLE
Uniform title <a href="Gigantic turnip.">Gigantic turnip.</a>
Language of a work Spanish
245 13 - TITLE STATEMENT
Title El nabo gigante /
Statement of responsibility, etc. Aleksei Tolstoy y Niamh Sharkey.
260 ## - PUBLICATION, DISTRIBUTION, ETC. (IMPRINT)
Place of publication, distribution, etc. New York, N.Y. :
Name of publisher, distributor, etc. Barefoot Books,
Date of publication, distribution, etc. 2000.
264 #1 - PRODUCTION, PUBLICATION, DISTRIBUTION, MANUFACTURE, AND COPYRIGHT NOTICE
Place of production, publication, distribution, manufacture New York, N.Y. :
Name of producer, publisher, distributor, manufacturer Barefoot Books,
Date of production, publication, distribution, manufacture, or copyright notice 2000.
300 ## - PHYSICAL DESCRIPTION
Extent 1 volume (unpaged) :
Other physical details color illustrations ;
Dimensions 28 cm
336 ## - CONTENT TYPE
Content type term text
Content type code txt
Source rdacontent
337 ## - MEDIA TYPE
Media type term unmediated
Media type code n
Source rdamedia
338 ## - CARRIER TYPE
Carrier type term volume
Carrier type code nc
Source rdacarrier
500 ## - GENERAL NOTE
General note "Barefoot en Español"--Cover.
520 ## - SUMMARY, ETC.
Summary, etc. "Cuando una pareja de viejos campesinos siembra su huerto una primavera, no puede imaginarse que uno de los nabos plantados crecerá...y crecerá...y crecerá...[Este libro] tiene todos los ingredientes necesarios para ser un cuento folklórico verdaderamente divertido para niños menores de cinco años y para lectores principiantes. �Y al final del cuento les espera una sorpresa especial!"--Page 4 of cover.
520 ## - SUMMARY, ETC.
Summary, etc. In this traditional Russian tale, a farmer grows a turnip so big that it takes the combined efforts of him, his wife, six canaries, five geese, four hens, three cats, two pigs, one cow, and, finally, one mouse to pull it from the ground.
526 0# - STUDY PROGRAM INFORMATION NOTE
Program name Accelerated Reader AR
Interest level LG
Reading level 3.8
Title point value 0.5
Public note 35331.
546 ## - LANGUAGE NOTE
Language note Text in Spanish.
650 #0 - SUBJECT ADDED ENTRY--TOPICAL TERM
Topical term or geographic name as entry element Turnips
Form subdivision Folklore
-- Juvenile literature.
650 #0 - SUBJECT ADDED ENTRY--TOPICAL TERM
Topical term or geographic name as entry element Older people
Form subdivision Folklore
-- Juvenile literature.
650 #0 - SUBJECT ADDED ENTRY--TOPICAL TERM
Topical term or geographic name as entry element Folklore
Geographic subdivision Russia
Form subdivision Juvenile literature.
650 #7 - SUBJECT ADDED ENTRY--TOPICAL TERM
Topical term or geographic name as entry element Nabos
Form subdivision Folklore
-- Literatura juvenil.
Source of heading or term local
650 #7 - SUBJECT ADDED ENTRY--TOPICAL TERM
Topical term or geographic name as entry element Ancianos
Form subdivision Folklore
-- Literatura juvenil.
Source of heading or term bidex
650 #7 - SUBJECT ADDED ENTRY--TOPICAL TERM
Topical term or geographic name as entry element Folklore
Geographic subdivision Rusia
Form subdivision Literatura juvenil.
Source of heading or term bidex
700 1# - ADDED ENTRY--PERSONAL NAME
Personal name Sharkey, Niamh.
942 ## - ADDED ENTRY ELEMENTS (KOHA)
Source of classification or shelving scheme Dewey Decimal Classification
Koha item type Libro/Book
Holdings
Withdrawn status Lost status Damaged status Not for loan Home library Current library Date acquired Inventory number Total Checkouts Barcode Date last seen Price effective from Koha item type Source of classification or shelving scheme Checked out Date checked out Full call number
        Barbudos -- Satellite Genizero 15/06/2017   1 35801502 26/07/2018 15/06/2017 Libro/Book Dewey Decimal Classification 28/03/2018 26/07/2018  
        San Juan Del Sur -- Mobile Rejega 30/04/2024   1 33014414 16/05/2024 30/04/2024 Libro/Book   19/06/2024 16/05/2024 JI
        Zaragoza -- Satellite Zaragoza -- Satellite 14/06/2017 Inventory date: 7/7/25   35501510 14/06/2017 14/06/2017 Libro/Book        

Powered by Koha